000 00479nam a2200169Ia 4500
008 180921t2014 xxu||||| |||| 00| 0 sin d
041 _asin
080 _a92
_bMIT
100 _aMithel, Nimishran
245 _aලොව සුපතල මෝහනීය කාන්තාවෝ
246 _aLoo Supathala Moohaniya Kanthawoo
260 _bFast Publishing
_aColombo
_c2014
300 _b138p, 21cm
942 _cBK
999 _c3645
_d3645
003 LK-CoDNM
040 _aLK-CoDNM
_dLK-CoDNM
_eLK-CoDNM